01148cam a2200253 450000100040000000500170000400800410002102000150006202000180007704300120009510000290010724500390013626000440017530000210021950000740024050000470031452003030036165000380066465000490070265000400075165000350079165000360082665100320086215820181127160641.0050926s2005 nyu 000 1 eng d a0446613355 a9780446613354 an-us-dc1 aPatterson, James,d1947-10aLondon bridges /cJames Patterson. aNew York :bWarner Vision Books,c2005. a403 p. ;c17 cm. a""A hero's journey: the life and times of Alex Cross"": p. [379]-389. a""A preview of Mary, Mary"": p. [393]-403. aWhen the world's largest cities are seized by terrorists who threaten to set off deadly bombs unless their demands are met, Alex Cross heads a joint investigation by the FBI, CIA, and Interpol to outmaneuver two vicious criminals known as the Weasel and the Wolf. By the author of The Big Bad Wolf. 0aAfrican American policevFiction. 0aCross, Alex (Fictitious character)vFiction. 0aPolicezWashington (D.C.)vFiction. 0aPolice psychologistsvFiction. 0aTerrorismxPreventionvFiction. 0aWashington (D.C.)vFiction.